00000000cam 2200000zi 4500
0019.955484
003CaOODSP
00520260604151845
006m     o  d f      
007cr bn|||||||||
008250918t20252025onc     o    f000 0 fre d
020 |a9780660790374
040 |aCaOODSP|bfre|erda|cCaOODSP
043 |an-cn---
0861 |aBT42-663/2026F-PDF
24500|aRéparation des navires (SRC) convention entre le Conseil du Trésor et l’Association des chefs d’équipe des chantiers maritimes du gouvernement fédéral : |bgroupe : réparation des navires.
264 1|aOttawa ON) : |bSecrétariat du Conseil du trésor du Canada = Treasury Board of Canada Secretariat, |c2025.
264 4|c©2025
300 |a1 ressource en ligne (108 pages)
336 |atexte|btxt|2rdacontent/fre
337 |ainformatique|bc|2rdamedia/fre
338 |aressource en ligne|bcr|2rdacarrier/fre
500 |aPublié aussi en anglais sous le titre : Ship Repair (all chargehand and production supervisor employees located on the East Coast) (SRC) agreement between the Treasury Board and the Federal Government Dockyard Chargehands Association Group.
500 |aTitre de la couverture.
500 |a« Code : 663. »
500 |a« Date d’expiration : le 31 mars 2026. »
500 |a« Publié : le 2025-08-11. »
650 6|aConventions collectives|xFonctionnaires|zCanada.
7101 |aCanada. |bConseil du trésor, |eorganisme de publication.
77508|tShip Repair (all chargehand and production supervisor employees located on the East Coast) (SRC) agreement between the Treasury Board and the Federal Government Dockyard Chargehands Association Group.|w(CaOODSP)9.955483
795 |tConvention entre le Conseil du Trésor et l'Association des chefs d'équipe des chantiers maritimes du gouvernement fédéral : |w(CaOODSP)9.881483
85640|qPDF|s1.20 Mo|uhttps://publications.gc.ca/collections/collection_2026/sct-tbs/BT42-663-2026-fra.pdf
8564 |qHTML|sS.O.|uhttps://www.canada.ca/fr/secretariat-conseil-tresor/sujets/remuneration/conventions-collectives/src.html